[Event "Benidorm op U2000 05th"]
[Site "Benidorm"]
[Date "2006.12.05"]
[Round "5"]
[White "Steiner, Thomas"]
[Black "Alcaraz Ortega, Antonio"]
[Result "1/2-1/2"]
[WhiteElo "2015"]
[BlackElo "1924"]
[PlyCount "147"]
[EventDate "2006.12.01"]
[EventType "swiss"]
[EventRounds "9"]
[EventCountry "ESP"]
[SourceTitle "CBM 115 Extra"]
[Source "ChessBase"]
[SourceDate "2007.01.10"]
[SourceVersion "1"]
[SourceVersionDate "2007.01.10"]
[SourceQuality "1"]

1. Nf3 d5 2. g3 Bg4 3. Bg2 Nd7 4. d4 c6 5. Nbd2 e6 6. 0-0 Ngf6 7. c4 Be7 8. b3 0-0 9. Bb2 b5 10. c5 Qc7 11. b4 a5 12. a3 Qb7 13. Qb3 Ne4 14. Qe3 Bxf3 15. Nxf3 Ra7 16. Nd2 Nxd2 17. Qxd2 Rfa8 18. Qc3 f5 19. f3 Nf6 20. e4 axb4 21. axb4 Rxa1 22. Rxa1 Rxa1+ 23. Bxa1 Qa8 24. e5 Nd7 25. Bf1 Qa4 26. Bd3 Bg5 27. f4 Be7 28. Bc2 Qa2 29. Bb2 g5 30. Qb3 Qa8 31. Bc1 h6 32. Kg2 Nf8 33. Bd1 Qe8 34. Qf3 Ng6 35. h3 Kg7 36. Kf2 Qa8 37. fxg5 hxg5 38. Qa3 Qxa3 39. Bxa3 Kh6 40. Bc1 Nf8 41. Kf3 Kg6 42. Bd2 Nd7 43. Bc2 Kh5 44. Kg2 g4 45. hxg4+ fxg4 46. Bd1 Bg5 47. Bc3 Bc1 48. Kf2 Nb8 49. Bc2 Na6 50. Bh7 Ba3 51. Bg8 Bxb4 52. Bxb4 Nxb4 53. Bxe6 Nc2 54. Bxd5 Nxd4 55. e6 Nf5 56. Bxc6 b4 57. Be4 Ne7 58. Ke3 Kg5 59. Kd4 Kf6 60. Kc4 Ke5 61. Bb7 Kxe6 62. Kxb4 Kd7 63. Be4 Kc7 64. Kc4 Ng8 65. Kd4 Nf6 66. Ke3 Nh5 67. Kf2 Kd7 68. c6+ Kd6 69. Bg2 Kc7 70. Ke3 Nxg3 71. Kf4 Ne2+ 72. Kxg4 Nd4 73. Kf4 Nxc6 74. Bxc6 1/2-1/2